| 000 -LEADER |
| fixed length control field |
01009cam a2200265 a 4500 |
| 005 - DATE AND TIME OF LATEST TRANSACTION |
| control field |
20131112040044.0 |
| 008 - FIXED-LENGTH DATA ELEMENTS--GENERAL INFORMATION |
| fixed length control field |
970116s1997 nyu b 001 0 eng |
| 020 ## - INTERNATIONAL STANDARD BOOK NUMBER |
| International Standard Book Number |
0870784056 |
| 041 0# - LANGUAGE CODE |
| Language code of text/sound track or separate title |
eng |
| 080 ## - UNIVERSAL DECIMAL CLASSIFICATION NUMBER |
| Universal Decimal Classification number |
338 |
| Common auxiliary subdivision |
(47) |
| 100 1# - Rafti |
| Rafti |
Schweitzer, Glenn E., |
| 100 1# - Rafti |
| -- |
1930- |
| 245 10 - TITLE STATEMENT |
| Title |
Experiments in cooperation : |
| Statement of responsibility, etc |
Glenn E. Schweitzer. |
| 260 ## - |
| -- |
New York : |
| -- |
Twentieth Century Fund Press, |
| -- |
1997. |
| 300 ## - |
| -- |
xii, 177 p. ; |
| -- |
23 cm. |
| 440 #0 - |
| -- |
Russia in transition |
| 500 ## - |
| -- |
Foreword : f. V-VII |
| 500 ## - |
| -- |
"A Twentieth Century Fund/Century Foundation report." |
| 504 ## - BIBLIOGRAPHY, ETC. NOTE |
| Bibliography, etc |
Includes bibliographical references (p. 155-156) and index. |
| 650 #0 - |
| -- |
Asistenca teknike, Amerikane |
| -- |
Rusia (Federata) |
| 650 #0 - |
| -- |
Korportatat |
| 650 #0 - |
| -- |
Investimet, Amerikane |
| -- |
Rusia (Federata) |
| 651 #0 - |
| -- |
United States |
| -- |
Marrëdhëniet |
| -- |
Rusia (Federata) |
| 651 #0 - |
| -- |
Russia (Federation) |
| -- |
Marrëdhëniet |
| -- |
Shtetet e Bashkuara |
| 942 ## - ADDED ENTRY ELEMENTS (KOHA) |
| Source of classification or shelving scheme |
|
| Item type |
Books |